00918nam a22002055i 450000100060000000300090000600500170001500700030003200800410003504000200007610000260009624500920012226000420021430000210025650001100027765000330038785201270042099900170054795201480056448483ES-MaACL20230906161747.0t|950721s1868 fr ||||1| fre d aCAM bspa cCAM1 aDelanoüe, J.94331410aNote sur la constitution géologique des environs de Thèbes / cpar M.J. Delanoüe. aParis : bGauthier-Villars, c[1868?] a14 p. ; c25 cm. aComptes rendus des séances de l'Académie des Sciences, t. LXVXII, p. 701, séance du 5 octobre 1868. 4aGeología-zEgipto.9157289 aES-MaACLjT-898-F-1 z.- Legado de Federico de Botella y de Hornos z.- Enc. en un vol. facticio falto de la cub. original c48483d48483 001040708Colección_de_folletosaATENEOMbATENEOMcDEPOFd2008-01-17eDONl0oT-898-F-1p1051021r2023-02-23 00:00:00w2023-02-23yFOLLETOS